| 000 | 00442pab a2200169 454500 | ||
|---|---|---|---|
| 008 | 180718b1996 xxu||||| |||| 00| 0 eng d | ||
| 100 | _aBasu, Kaushik | ||
| 245 |
_aEconomic reforms _bon what is to be done. |
||
| 260 | _c1996 | ||
| 300 | _ap.10 | ||
| 362 | _a19 Feb | ||
| 650 | _aEconomic development | ||
| 650 | _aIndia - Economic policy | ||
| 650 | _aEconomic planning and administration | ||
| 773 | _aTimes of India | ||
| 909 | _a31411 | ||
| 999 |
_c31411 _d31411 |
||